Australian Test Cricketers Since 2000 - Statistics

General Stats
  • This quiz has been taken 371 times
    360 since last reset
  • The average score is 30 of 69
Answer Stats
Cap No# Answer % Correct
426 David Warner
86%
425 Mitchell Starc
81%
415 Steven Smith
81%
389 Michael Clarke
79%
398 Mitchell Johnson
79%
421 Nathan Lyon
78%
414 Tim Paine
72%
422 Shaun Marsh
69%
423 Patrick Cummins
68%
419 Usman Khawaja
68%
400 Brad Haddin
67%
440 Josh Hazlewood
67%
438 Mitchell Marsh
67%
403 Peter Siddle
66%
391 Shane Watson
66%
393 Michael Hussey
61%
428 Matthew Wade
55%
413 Ryan Harris
53%
408 Phil Hughes
52%
388 Andrew Symonds
50%
434 Ashton Agar
49%
407 Ben Hilfenhaus
49%
433 Glenn Maxwell
49%
424 James Pattinson
49%
392 Shaun Tait
49%
384 Simon Katich
49%
447 Peter Handscomb
47%
399 Chris Rogers
45%
451 Cameron Bancroft
44%
396 Stuart Clark
44%
394 Brad Hodge
43%
390 Nathan Hauritz
43%
443 Peter Nevill
43%
409 Marcus North
42%
442 Adam Voges
41%
449 Matthew Renshaw
41%
417 Xavier Doherty
41%
405 Doug Bollinger
38%
441 Joe Burns
38%
387 Nathan Bracken
38%
418 Michael Beer
37%
436 George Bailey
36%
439 Steve O'Keefe
36%
431 Jackson Bird
34%
427 Ed Cowan
33%
445 Callum Ferguson
32%
402 Cameron White
32%
435 James Faulkner
32%
404 Jason Krejza
31%
448 Nic Maddinson
31%
432 Moises Henriques
29%
450 Hilton Cartwright
28%
420 Trent Copeland
28%
410 Bryce McGain
27%
411 Graham Manou
27%
446 Joe Mennie
27%
385 Martin Love
27%
395 Phil Jacques
27%
406 Andrew McDonald
26%
444 Jon Holland
26%
429 Rob Quiney
25%
437 Alex Doolan
23%
401 Beau Casson
23%
430 John Hastings
23%
452 Chadd Sayers
21%
386 Brad Williams
20%
412 Clint McKay
20%
416 Peter George
19%
397 Dan Cullen
18%
No matching quizzes found
Score Distribution
Percent of People with Each Score
Percentile by Number Answered
Your Score History
You have not taken this quiz since the last reset